00369nam a2200121Ia 4500008004100000100002900041245008500070260003600155300000900191650002200200942000800222999001700230190216s9999||||xx |||||||||||||| ||und|| aGaur Mb & Dhillion R 2aA Hand Book Of Test Of Reasoning With Comprehensive Section On Logical Reasoning bDhillon Group Of Pubn New Delhi a216p aBank Competitions cREF c35576d35576